000 nam a22 7a 4500
999 _c9328
_d9328
008 180508b ||||| |||| 00| 0 eng d
082 _21974
_aDFil 370.15
_bK14e
100 _927737
_aKapunan, Rocio R.
245 _aEducational psychology/
_cRocio Reyes Kapunan.
250 _aFourth Edition
260 _aManila :
_bRex Book Store,
_c c1974.
300 _aviii, 164 pages ;
_c22 cm.
500 _aIncludes glossary.
650 0 _927738
_aEducational psychology.
365 _b73.95
_cPhp
942 _2ddc
_cDFIL